[Event "2nd Mix Bassano 2021"]
[Site "Bassano del Grappa"]
[Date "2021.03.25"]
[Round "4.6"]
[White "Di Benedetto, Edoardo"]
[Black "Janzelj, Tim"]
[Result "1-0"]
[WhiteElo "2400"]
[BlackElo "2468"]
[Annotator "TA"]
[PlyCount "149"]
[EventDate "2021.03.24"]
[EventType "swiss"]
[EventCountry "ITA"]
[SourceTitle "playchess.com"]
[Source "ChessBase"]
[SourceQuality "1"]

{[%evp 21,149,26,25,14,20,5,14,0,0,0,0,0,0,0,0,0,0,0,7,0,0,0,0,0,7,-16,-14,-11,-15,-20,-30,-16,0,0,0,-7,-11,-34,5,0,10,0,0,0,0,0,0,0,0,0,0,0,0,0,0,0,0,0,0,0,0,0,0,-10,-10,-10,-10,-10,-10,-10,-10,-10,-10,-14,-17,-17,0,0,0,0,0,0,0,0,0,0,0,0,0,0,59,70,83,96,2120,2014,5779,5122,2337,6083,2336,335,29964,29963,29961,29963,29959,29957,29965,29964,29980,29969,29966,12134,29977,3794,5616,6621,29973,29976,29976,29976,29976,29977,29977,29978,29978,29979,29977,29977]} 1. d4 d5 2. c4 e6 3. Nc3 Nf6 4. cxd5 exd5 5. Bg5 Be7 6. e3 c6 7. Bd3 Nbd7 8. Qc2 h6 9. Bh4 Nh5 10. Bxe7 Qxe7 11. Nge2 Nb6 12. h3 {D36: Queen's Gambit Declined: Exchange Variation: Main line (5 Bg5 c6 6 Qc2).} Bd7 13. O-O-O O-O-O 14. g4 {The position is equal.} Nf6 15. Ng3 Kb8 16. Kb1 {[#]} h5 $146 ({Predecessor:} 16... Rhe8 17. Rhe1 g6 18. f3 c5 19. Qf2 cxd4 20. exd4 Qd6 21. Nge2 Rc8 22. Qg3 Qxg3 23. Nxg3 {½-½ (71) Aliyev,R (2380)-Sevdimaliyev,U (2379) Baku 2019}) 17. g5 Ne8 18. h4 Bg4 19. Be2 Bxe2 20. Ncxe2 g6 21. b3 Nd6 22. Nf4 Rhe8 23. Rhe1 Ne4 24. Nxe4 dxe4 25. Rf1 Qd7 26. f3 exf3 27. Rxf3 Qg4 28. Qh2 {White threatens Ne6+ and mate.} Ka8 ({Not} 28... Qxf3 29. Ne6+ Qg3 30. Qxg3+ Rd6 31. Qxd6+ Ka8 32. Nc7+ Kb8 33. Nxe8+ Ka8 34. Qd8+ Nc8 35. Qxc8#) 29. Qg3 c5 (29... Nc8 {keeps more tension.} 30. Rg1 Qf5+ 31. Kb2 Qe4 32. Rc1 Ne7) 30. Qxg4 $1 hxg4 31. Rg3 cxd4 32. Rxd4 Rxd4 33. exd4 $11 {[%mdl 4096] Endgame KRN-KRN} Re4 34. Nd3 Nd7 35. Nc5 Nxc5 36. dxc5 {KR-KR} Kb8 37. Kc2 Kc7 38. Kd3 Rb4 39. Ke3 Kc6 40. Rg1 Kxc5 (40... a5 {is interesting.} 41. Kf2 a4 42. bxa4 Rxa4 43. Kg3 Rxa2 44. Rf1 Ra3+) 41. Rf1 g3 42. Kf3 Rxh4 43. Kxg3 Rh7 44. Rc1+ Kd6 45. Rd1+ Ke6 46. Re1+ $1 Kd7 47. Rd1+ Kc7 48. Rf1 a6 49. Rf6 a5 50. a4 Kb8 51. Kg4 $1 Ka7 52. Kg3 Rh1 53. Rxf7 Rg1+ 54. Kh4 Rb1 55. Rf3 (55. Rg7 {feels hotter.} Rxb3 56. Rxg6 Ra3 57. Kh5 Rxa4 58. Rd6) 55... Kb6 (55... Rh1+ $11 56. Kg4 Rg1+ 57. Rg3 Rf1) 56. Rf6+ $14 Kc5 57. Rxg6 {And now Rf6 would win.} Rxb3 $2 {[%mdl 8192] [#] This costs Black the game.} (57... Rh1+ $16 58. Kg4 Rg1+ 59. Kf4 Rf1+ 60. Ke5 Re1+ 61. Kf6 Rf1+ 62. Ke6 Re1+ 63. Kf6 Rf1+ 64. Ke6 Re1+ 65. Kf7 Rg1) 58. Rf6 $1 $18 Rb1 59. Rf5+ Kd6 60. Rxa5 Ke6 61. Kh5 $2 (61. Rb5 Rh1+ 62. Kg4) 61... Rb4 $2 (61... Kf7 $18 62. Rb5 Rh1+ 63. Kg4 Rg1+ 64. Kf4 Rf1+ 65. Kg4 Rg1+ 66. Kf5 Rf1+ 67. Ke5 Kg6) 62. Kg6 Rg4 63. Ra7 Rb4 64. Kg7 Rg4 65. g6 Kf5 66. Ra5+ Ke6 67. Ra8 (67. Rb5 $142 Rxa4 68. Rb6+ Ke7 69. Rxb7+ Ke8 70. Rb5 Rf4 71. Re5+ Kd7 72. Kh6) 67... Kf5 68. Rf8+ (68. Kf7 $142 b5 69. Ra5 Rf4 70. g7 Ke4+ 71. Kg8 Kd5 72. Rxb5+ Kc6 73. Rg5) 68... Kg5 69. Rf1 b6 70. Kf7 {White mates.} Rxa4 71. Rg1+ Kf5 72. g7 Ra7+ 73. Kf8 Ra8+ {[#]} 74. Ke7 $1 Rg8 75. Kf7 {Weighted Error Value: White=0.02/Black=0.06} 1-0

[Event "2nd Mix Bassano 2021"]
[Site "Bassano del Grappa"]
[Date "2021.03.25"]
[Round "4.7"]
[White "Basso, Pier Luigi"]
[Black "Formento, Paolo"]
[Result "1/2-1/2"]
[WhiteElo "2521"]
[BlackElo "2329"]
[Annotator "TA"]
[PlyCount "104"]
[EventDate "2021.03.24"]
[EventType "swiss"]
[EventCountry "ITA"]
[SourceTitle "playchess.com"]
[Source "ChessBase"]
[SourceQuality "1"]

{[%evp 11,104,37,45,40,24,-8,20,21,34,29,37,18,18,18,14,14,14,14,14,13,12,14,7,18,16,16,16,12,15,0,4,0,8,0,0,0,0,-16,-15,-17,-9,-18,-7,-9,-11,-28,0,0,0,-4,0,0,0,0,0,0,0,0,5,0,0,0,0,0,0,0,1,0,0,0,1,0,0,0,4,4,14,14,14,0,14,14,14,0,14,4,11,11,11,11,11,11,14,12,14]} 1. d4 Nf6 2. c4 e6 3. Nc3 d5 4. Nf3 c5 5. cxd5 cxd4 6. Qxd4 exd5 7. e4 {[%cal Re4d5] D41: Queen's Gambit Declined: Semi-Tarrasch with 5 cxd5.} dxe4 8. Qxd8+ Kxd8 9. Ng5 Be6 10. Nxe6+ fxe6 11. Bc4 Ke7 12. O-O {White wants to play Re1.} Nbd7 13. Re1 {13.Be3 is the modern continuation.} Rc8 {[#]} 14. b3 $146 ({Predecessor:} 14. Bb3 Nc5 15. Be3 Nxb3 16. axb3 a6 17. Ra4 Kf7 18. Nxe4 Nxe4 19. Rxe4 Be7 20. Rf4+ {½-½ (75) L'Ami,E (2619)-Williams,S (2429) Douglas 2015}) 14... Ne5 15. Nxe4 Nxc4 16. bxc4 Nxe4 17. Rxe4 Kf7 18. Rf4+ Ke8 19. Bb2 Rg8 20. Re1 Rc6 21. Rfe4 Kf7 22. Rd1 Be7 23. g3 Rd8 24. Rf4+ Kg8 $1 25. Rxd8+ Bxd8 $11 {[%mdl 4096] Endgame KRB-KRB} 26. Kf1 Ra6 27. a3 Be7 28. Rf3 Rc6 29. Rb3 {The position is equal.} b6 30. Rd3 Rxc4 31. Rd7 {[%mdl 64] [#] Double Attack} Bf6 32. Bxf6 gxf6 33. Rxa7 {KR-KR} b5 34. Kg2 Rc2 35. Re7 e5 36. Rb7 Ra2 37. Rxb5 Rxa3 38. Rb7 h5 39. Kh3 Rf3 40. Kg2 Ra3 41. Kh3 Rf3 42. Kh4 Rxf2 {[%cal Rf2h2] [#]} 43. Kxh5 Rxh2+ (43... Kf8 {keeps more tension.} 44. Kg6 e4 45. Rb4 Rxh2 46. Kxf6 Rf2+) 44. Kg6 {[%cal Rb7b8]} Kf8 45. Rf7+ Kg8 {Strongly threatening ...Rh6+.} 46. Ra7 {[%cal Ra7a8]} Kf8 47. Rf7+ Kg8 {Hoping for ...Rh6+!} 48. Rxf6 (48. Rd7 {seems wilder.} Kf8 49. Kxf6 Ke8 50. Re7+ Kf8 51. Ra7) 48... Rg2 49. Rf3 Ra2 50. Rb3 {[%cal Rb3b8]} Ra6+ 51. Kf5 e4 52. Kxe4 Kf7 {Weighted Error Value: White=0.02/Black=0.02} 1/2-1/2

[Event "2nd Mix Bassano 2021"]
[Site "Bassano del Grappa"]
[Date "2021.03.25"]
[Round "4.8"]
[White "Yu, Jennifer"]
[Black "Checa, Nicolas"]
[Result "0-1"]
[WhiteElo "2275"]
[BlackElo "2546"]
[Annotator "TA"]
[PlyCount "64"]
[EventDate "2021.03.24"]
[EventType "swiss"]
[EventCountry "ITA"]
[SourceTitle "playchess.com"]
[Source "ChessBase"]
[SourceQuality "1"]

{[%evp 17,64,29,22,-86,-86,-75,-56,-66,-43,-34,6,-1,-10,0,0,0,8,-41,-41,-41,-41,-43,-44,-42,-39,-73,-66,-80,-57,-120,-115,-118,-53,-355,-348,-358,-358,-281,-289,-304,-213,-210,-208,-216,-191,-1633,-1646,-29997,-29998]} 1. c4 Nf6 2. Nc3 g6 3. e4 d6 4. g3 Bg7 5. Bg2 O-O 6. Nge2 c5 7. O-O Nc6 8. d3 Ne8 9. Be3 Nd4 10. Bxd4 {A36: Symmetrical English vs ...g6: 4 Bg2 Bg7.} (10. Rb1 $11 {keeps the balance.}) 10... cxd4 $17 {[#]} 11. Nb1 $146 ({Predecessor:} 11. Nb5 e5 12. h3 a6 13. Na3 Bd7 14. f4 b5 15. b3 Rc8 16. f5 Bh6 17. Nc2 bxc4 18. dxc4 {0-1 (44) Sikorova,O (2215)-Erdogdu,M (2396) Chess.com INT 2021}) 11... Rb8 12. Nd2 {Black is slightly better.} b5 13. Rc1 Ba6 14. c5 b4 15. Nb3 e5 16. f4 Nc7 17. Qd2 Ne6 18. cxd6 Bh6 19. Nc5 Qxd6 20. Nxa6 Qxa6 21. Bh3 b3 (21... Qxa2 $2 22. Ra1 $18) 22. a3 Rbc8 23. Rxc8 (23. Kg2 $15) 23... Rxc8 24. Rc1 exf4 ({Black should play} 24... Rxc1+ $17 25. Qxc1 {[#]} Nxf4 $1 26. Nxf4 (26. gxf4 $2 Qxd3 {[%mdl 64] Double Attack} 27. Qf1 Qe3+ 28. Kh1 d3 $17) 26... exf4 27. Qc8+ Qxc8 28. Bxc8 fxg3 29. hxg3 Bc1) 25. gxf4 $2 {[%mdl 8192] This move loses the game for White.} (25. Bxe6 $15 fxe6 26. gxf4) 25... Rxc1+ $19 {[%mdl 64] [#] Overworked Piece} 26. Qxc1 Qxd3 {[%mdl 64] Double Attack} 27. Bxe6 {And now Bc4 would win.} Qxe2 ({Not} 27... fxe6 28. Qc8+ Bf8 29. Qxe6+ Kg7 30. Qe5+ Kf7 31. Qd5+ (31. Nxd4 Qb1+ {[%mdl 64] Double Attack} 32. Kg2 Qxb2+ {[%mdl 64] Double Attack} 33. Kh3 Qc3+ 34. Kg2 Qd2+ 35. Kf3 Qc3+ 36. Kg2 Qc4 $17) 31... Kg7 32. Qe5+ (32. Qxd4+ $2 Qxd4+ 33. Nxd4 Bc5 $19) (32. Nxd4 Qb1+ {[%mdl 64] Double Attack} 33. Kg2 Qxb2+ {[%mdl 64] Double Attack} 34. Kf3 Qxh2 $11) 32... Kf7 33. Qd5+ (33. Nxd4 Qb1+ {[%mdl 64] Double Attack} 34. Kg2 Qxb2+ {[%mdl 64] Double Attack} 35. Kg3 Qc3+ 36. Kg2 Qc4 $17) 33... Kg7 34. Nxd4 $11 (34. Qxd4+ Qxd4+ 35. Nxd4 Bc5 $19)) 28. Bxf7+ Kg7 29. Bxb3 {Qc7+ would kill now.} Qg4+ {[%mdl 64] Double Attack} 30. Kf2 {White threatens Qc7+ and mate.} Bxf4 {[%mdl 64] Double Attack} 31. Qh1 (31. Qf1) 31... Be3+ 32. Ke1 d3 {[%csl Gd3][%cal Rg4e2] Weighted Error Value: White=0.87/Black=0.17} 0-1

[Event "2nd Mix Bassano 2021"]
[Site "Bassano del Grappa"]
[Date "2021.03.25"]
[Round "4.9"]
[White "Martin Duque, Jesus"]
[Black "Diermair, Andreas"]
[Result "0-1"]
[WhiteElo "2454"]
[BlackElo "2487"]
[Annotator "TA"]
[PlyCount "54"]
[EventDate "2021.03.24"]
[EventType "swiss"]
[EventCountry "ITA"]
[SourceTitle "playchess.com"]
[Source "ChessBase"]
[SourceQuality "1"]

{[%evp 14,54,21,32,36,41,41,0,43,40,47,32,55,42,64,-62,-65,-126,-118,-379,-383,-615,-600,-572,-591,-773,-776,-1225,-1249,-1770,-1753,-2423,-2375,-2368,-2375,-29988,-29989,-29992,-29993,-29996,-29997,-29997,-29998]} 1. e4 e5 2. Nf3 Nc6 3. Bc4 Nf6 4. Ng5 d5 5. exd5 Na5 6. Bb5+ c6 7. dxc6 bxc6 8. Bd3 Nd5 {C58: Two Knights: 4 Ng5 d5 5 exd5 Na5 sidelines.} 9. h4 Qc7 10. Nc3 {[#]} Nf4 $146 {The position is equal.} (10... h6 $5 {[%cal Rh6g5]} 11. Nf3 Bd6 $11) ({Predecessor:} 10... h6 11. Nxd5 cxd5 12. Qh5 g6 13. Bxg6 hxg5 14. Bxf7+ Qxf7 15. Qxh8 Nc6 16. hxg5 Bf5 {½-½ (50) Lu,S (2602)-Ragger,M (2684) Douglas 2019}) 11. Bf1 h6 12. Nf3 Bd6 13. d4 exd4 14. Nxd4 (14. Bxf4 $14 Bxf4 15. Qxd4 (15. Qe2+ Kf8 $11)) 14... O-O $1 $15 15. Be3 (15. Bxf4 $15 Bxf4 16. Bd3) 15... Re8 $17 {[%mdl 1024] Black has strong compensation.} 16. Qf3 $2 {[%mdl 8192] [#] This move loses the game for White.} (16. g3 $17 {was worth a try.} Ng6 17. Qd2) 16... h5 $1 $19 {Threatens to win with ...Bg4.} 17. Qd1 (17. Ndb5 cxb5 18. Qxa8) 17... Bg4 18. Qd2 {White hopes to continue with g3.} Rad8 19. Nd1 Be5 {Strongly threatening ...Bxd4.} 20. c3 c5 21. Rc1 Qb7 22. f3 cxd4 23. cxd4 Bxd4 24. Qxa5 Bxe3 {Black mates.} 25. Nxe3 Rxe3+ 26. Kf2 {[#]} Rxf3+ $1 {[%mdl 512]} 27. Kg1 {[#]} (27. gxf3 Qxf3+) 27... Rxf1+ $1 {[%mdl 64] Remove Defender.  Weighted Error Value: White=1.22/Black=0.04} 0-1

[Event "2nd Mix Bassano 2021"]
[Site "Bassano del Grappa"]
[Date "2021.03.25"]
[Round "4.10"]
[White "Kuhn, Clement"]
[Black "Orfini, Nicolo`"]
[Result "1/2-1/2"]
[WhiteElo "2278"]
[BlackElo "2214"]
[Annotator "ChessBase"]
[PlyCount "103"]
[EventDate "2021.03.24"]
[EventType "swiss"]
[EventCountry "ITA"]
[SourceTitle "playchess.com"]
[Source "ChessBase"]
[SourceQuality "1"]
[TimeControl "5400+30"]

1. Nf3 {[%emt 0:00:59]} Nf6 {[%emt 0:00:41]} 2. c4 {[%emt 0:00:16]} b6 {[%emt 0:00:58]} 3. Nc3 {[%emt 0:00:06]} Bb7 {[%emt 0:00:25]} 4. e3 {[%emt 0:00:29]} c5 {[%emt 0:02:07]} 5. Be2 {[%emt 0:00:28]} g6 {[%emt 0:00:36]} 6. O-O {[%emt 0:01:30]} Bg7 {[%emt 0:00:03]} 7. d4 {[%emt 0:03:12]} cxd4 {[%emt 0:00:32]} 8. exd4 {[%emt 0:00:15]} d5 {[%emt 0:04:06]} 9. Ne5 {[%emt 0:12:26]} O-O {[%emt 0:16:58]} 10. Bf3 {[%emt 0:02:47]} a6 {[%emt 0:12:28]} 11. Be3 {[%emt 0:10:33]} Ra7 {[%emt 0:06:23]} 12. b3 {[%emt 0:06:00]} e6 {[%emt 0:05:32]} 13. Qc2 {[%emt 0:04:29]} Nc6 {[%emt 0:09:44]} 14. Nxc6 {[%emt 0:03:47]} Bxc6 {[%emt 0:00:07]} 15. b4 {[%emt 0:01:40]} Qa8 {[%emt 0:04:56]} 16. c5 {[%emt 0:02:31]} bxc5 {[%emt 0:01:28]} 17. bxc5 {[%emt 0:00:48]} Ne4 {[%emt 0:02:10]} 18. Na4 {[%emt 0:04:32]} f5 {[%emt 0:00:42]} 19. Nb6 {[%emt 0:03:49]} Qe8 {[%emt 0:01:02]} 20. Bxe4 {[%emt 0:01:18]} fxe4 {[%emt 0:04:43]} 21. a4 {[%emt 0:03:11]} g5 {[%emt 0:03:46]} 22. Qd1 {[%emt 0:03:02]} Qg6 {[%emt 0:00:37]} 23. Qg4 {[%emt 0:00:55]} Qf5 {[%emt 0:05:06]} 24. Qg3 {[%emt 0:01:29]} e5 {[%emt 0:00:53]} 25. Rad1 {[%emt 0:00:40]} h6 {[%emt 0:00:58]} 26. h3 {[%emt 0:03:50]} Raf7 {[%emt 0:02:31]} 27. dxe5 {[%emt 0:03:33]} Bxe5 {[%emt 0:00:23]} 28. Qg4 {[%emt 0:00:03]} Qg6 {[%emt 0:00:50]} 29. Nxd5 {[%emt 0:02:36]} Bxa4 {[%emt 0:00:46]} 30. Rb1 {[%emt 0:00:29]} Bd7 {[%emt 0:00:42]} 31. Qd1 {[%emt 0:00:30]} Bb5 {[%emt 0:01:21]} 32. Re1 {[%emt 0:00:31]} Kh7 {[%emt 0:01:40]} 33. Qg4 {[%emt 0:02:41]} h5 {[%emt 0:02:39]} 34. Qxg5 {[%emt 0:03:59]} Qxg5 {[%emt 0:00:01]} 35. Bxg5 {[%emt 0:00:09]} Rxf2 {[%emt 0:00:05]} 36. Be7 {[%emt 0:00:51]} R8f7 {[%emt 0:00:41]} 37. Bd6 {[%emt 0:00:34]} Bd4 {[%emt 0:00:17]} 38. Kh2 {[%emt 0:01:07]} Bd3 {[%emt 0:00:58]} 39. Rb4 {[%emt 0:02:39]} Bb2 {[%emt 0:02:03]} 40. Bg3 {[%emt 0:00:50]} Ba3 {[%emt 0:02:22]} 41. Bxf2 {[%emt 0:01:54]} Bxb4 {[%emt 0:00:07]} 42. Nxb4 {[%emt 0:00:03]} Rxf2 {[%emt 0:00:06]} 43. c6 {[%emt 0:03:47]} Rf8 {[%emt 0:00:51]} 44. c7 {[%emt 0:00:51]} a5 {[%emt 0:02:54]} 45. Nd5 {[%emt 0:00:59]} Ba6 {[%emt 0:01:53]} 46. Rxe4 {[%emt 0:00:25]} Bb7 {[%emt 0:00:13]} 47. Rc4 {[%emt 0:00:32]} a4 {[%emt 0:01:25]} 48. Rc2 {[%emt 0:02:54]} a3 {[%emt 0:00:51]} 49. Nb6 {[%emt 0:00:35]} h4 {[%emt 0:00:31]} 50. Nc4 {[%emt 0:00:50]} Ra8 {[%emt 0:00:56]} 51. Nxa3 {[%emt 0:03:26]} Rxa3 {[%emt 0:00:12]} 52. c8=N {[%emt 0:00:00]} 1/2-1/2

[Event "2nd Mix Bassano 2021"]
[Site "Bassano del Grappa"]
[Date "2021.03.26"]
[Round "5.1"]
[White "Bernadskiy, Vitaliy"]
[Black "Sonis, Francesco"]
[Result "1/2-1/2"]
[WhiteElo "2599"]
[BlackElo "2477"]
[Annotator "TA"]
[PlyCount "113"]
[EventDate "2021.03.24"]
[EventType "swiss"]
[EventCountry "ITA"]
[SourceTitle "playchess.com"]
[Source "ChessBase"]
[SourceQuality "1"]

{[%evp 9,113,19,14,20,11,12,16,11,23,27,37,35,79,90,76,1,6,0,0,-4,0,0,13,0,19,-18,0,0,0,0,24,16,30,24,42,24,31,21,22,0,21,0,3,0,0,0,0,0,0,0,8,0,8,8,30,29,29,14,25,5,5,5,5,-56,-57,-70,-64,-62,-38,-63,-62,-110,0,-70,0,-123,-84,-89,-74,-68,-78,-70,0,0,0,-74,-80,-131,-131,-135,-49,-49,-49,-49,-49,-49,-49,-49,-47,-47,-47,-47,-47,-47,-47,-47]} 1. Nc3 e5 2. Nf3 Nc6 3. d4 exd4 4. Nxd4 Nf6 5. Bg5 Bc5 6. e3 {A00: Irregular Openings.} Nxd4 7. exd4 Be7 8. Bd3 {[#] The position is equal.} h6 $146 ({Predecessor:} 8... O-O 9. Qf3 d6 10. h3 c6 11. O-O d5 12. Rfe1 Re8 13. Re3 Be6 14. Ne2 Nd7 15. Bxe7 Qxe7 {1-0 (24) Grafl,F (2384)-Porras Mateo,F (2298) Barcelona 2017}) 9. Bf4 c6 10. O-O d6 11. Re1 Be6 {[#]} 12. b4 (12. Rxe6 $1 $16 fxe6 13. Bg6+ Kd7 14. Qe2) 12... O-O 13. Qd2 Re8 14. Ne2 Bf8 15. c4 a5 16. a3 Bd7 17. Nc3 Rxe1+ 18. Rxe1 axb4 19. axb4 Qb6 20. Rb1 Re8 21. h3 Qa7 22. Be3 d5 23. c5 b5 24. f3 Be6 25. g4 Nd7 26. Kg2 Be7 27. Rb2 Nf8 28. Ra2 Qb7 29. Ne2 Ra8 30. Ng3 Rxa2 31. Qxa2 Bg5 32. f4 Bh4 33. f5 Bc8 34. Bf4 Qe7 35. Qe2 Qxe2+ 36. Nxe2 (36. Bxe2 $11 Bf6 37. Be3) 36... Be1 $15 37. Nc1 Bxb4 38. Nb3 Nd7 39. Kf1 Nf6 40. Be5 Nd7 ({Better is} 40... h5 $17 41. Bxf6 gxf6) 41. Bd6 (41. Bf4 $1 $11) 41... Nf6 (41... h5 $15 42. Kf2 Nf8) 42. Be5 $1 $17 Nh7 43. Ke2 Kf8 44. Bd6+ Ke8 $1 45. Be5 Kf8 ({Black should play} 45... f6 $15 46. Bf4 h5) 46. Bd6+ $11 Ke8 (46... Kg8 $11) 47. Be5 $1 $17 f6 48. Bd6 (48. Bf4 $142) 48... Ng5 49. h4 Nf7 (49... Ne4 $17 {...h5 is the strong threat.} 50. Bxe4 dxe4) 50. Bf4 $15 {Black is slightly better.} Nd8 51. h5 Nb7 52. Bd2 Bxd2 53. Kxd2 Kd7 54. Kc3 Kc7 55. Kb4 Bd7 56. Nd2 Nd8 57. Nf3 {Weighted Error Value: White=0.13/Black=0.12} 1/2-1/2

[Event "2nd Mix Bassano 2021"]
[Site "Bassano del Grappa"]
[Date "2021.03.26"]
[Round "5.2"]
[White "Peralta, Fernando"]
[Black "Di Benedetto, Edoardo"]
[Result "1/2-1/2"]
[WhiteElo "2561"]
[BlackElo "2400"]
[Annotator "TA"]
[PlyCount "112"]
[EventDate "2021.03.24"]
[EventType "swiss"]
[EventCountry "ITA"]
[SourceTitle "playchess.com"]
[Source "ChessBase"]
[SourceQuality "1"]

{[%evp 14,112,27,26,28,20,25,26,20,18,22,23,25,32,38,18,68,65,85,88,90,98,98,58,129,93,97,87,105,84,96,50,65,49,47,56,74,52,67,70,81,80,91,73,82,67,91,91,80,75,70,58,79,58,79,77,102,90,92,74,151,130,125,110,124,83,114,115,125,109,132,147,155,134,258,249,244,218,180,31,32,22,16,0,0,0,0,0,0,0,0,0,0,0,0,0,0,0,0,0,0]} 1. d4 d5 2. c4 e6 3. Nc3 Be7 4. cxd5 exd5 5. Bf4 c6 6. e3 Bd6 7. Bxd6 Qxd6 8. Bd3 Ne7 {D31: Queen's Gambit Declined: Semi-Slav without ...Nf6 (+ Marshall Gambit and Noteboom) and Exchange Variation lines without ...Nf6.} 9. Qc2 b6 10. Nf3 (10. Bxh7 $2 f5 $19) 10... Ba6 {White has an edge.} 11. O-O Bxd3 12. Qxd3 O-O 13. Rac1 $1 {[%mdl 4] outshines the older 13.e4.} Nd7 {[%cal Bb8d7,Bd7f6,Bf6e4][%mdl 32]} 14. Rc2 {[#]} f5 $146 ({Predecessor:} 14... Rfd8 15. Rfc1 a5 16. b3 Rab8 17. Ne2 Ra8 18. Ng3 g6 19. a4 Kg7 20. h4 Qe6 {1-0 (32) Bai,J (2618)-Xu,Y (2554) Xinghua 2020}) 15. Ne2 Nf6 16. Rfc1 Ne4 17. Ne5 {[%cal Re5c6]} Rac8 18. Nf4 Rc7 (18... g5 $14) 19. Qa6 Rfc8 20. b4 Nf6 21. h3 Nd7 22. Ned3 g6 23. a3 {[%cal Ba2a3,Ba3a4][%mdl 32]} Nb8 24. Qa4 Nd7 25. Qb3 g5 26. Ne2 {[%cal Bf4e2,Be2g3,Bg3f1,Bf1d2,Bd2f3][%mdl 32]} h6 27. a4 Kg7 28. Ng3 Kh7 29. Nf1 Kg7 30. Nd2 Ng6 31. Qb2 Kh7 32. Rc3 Nf6 33. Nf3 Nd7 34. Qc2 Kg7 35. b5 {[%cal Rb5c6]} Ne7 36. h4 Qf6 (36... Nf6 $142) 37. Nde5 Nxe5 38. dxe5 (38. Nxe5 $6 c5 $11) 38... Qg6 39. h5 Qf7 40. bxc6 Rxc6 41. Qb2 Kg8 ({Avoid the trap} 41... Qxh5 $2 42. Rxc6 Rxc6 43. Rxc6 $18) 42. Rxc6 Rxc6 43. Nd4 $1 {[%cal Rd4c6]} Rxc1+ (43... Rc5 $16) 44. Qxc1 $18 Qxh5 {[#]} 45. g3 f4 {[#]} 46. exf4 ({Only move:} 46. Qc7 $1 $18 {[%cal Rc7d8]} Qe8 47. Qxa7 (47. exf4 gxf4 48. Qxa7 fxg3 $16) 47... fxe3 48. fxe3 (48. Qxb6 exf2+ 49. Kxf2 Qxa4 $14)) 46... gxf4 $14 47. Qxf4 {Strongly threatening e6.} Qg5 $1 {The position is equal.} 48. Qxg5+ (48. Kh2 {feels hotter.} Ng6 49. Qf3 Qxe5 50. Nf5 Kh7 51. Qh5) 48... hxg5 $11 {[%mdl 4096] Endgame KN-KN} 49. Kf1 Ng6 50. Nc6 Kf7 51. Ke2 Ke6 52. Nxa7 Nxe5 53. Nb5 Nc4 54. f4 gxf4 55. gxf4 Nb2 56. Ke3 Nxa4 {Weighted Error Value: White=0.12/Black=0.13} 1/2-1/2

[Event "2nd Mix Bassano 2021"]
[Site "Bassano del Grappa"]
[Date "2021.03.26"]
[Round "5.3"]
[White "Schreiner, Peter"]
[Black "Moroni, Luca Jr"]
[Result "1/2-1/2"]
[WhiteElo "2445"]
[BlackElo "2552"]
[Annotator "TA"]
[PlyCount "87"]
[EventDate "2021.03.24"]
[EventType "swiss"]
[EventCountry "ITA"]
[SourceTitle "playchess.com"]
[Source "ChessBase"]
[SourceQuality "1"]

{[%evp 14,87,73,77,91,93,95,101,97,8,81,39,46,47,47,46,47,0,0,0,0,0,28,2,8,22,23,-31,-27,-41,-27,-38,-43,-50,-67,-47,0,0,0,0,0,0,0,-12,0,-11,-21,-25,-32,-24,-26,-13,-12,-130,-148,-134,-153,-173,-26,-29,0,0,0,0,0,0,0,0,0,0,0,0,0,0,0,0]} 1. d4 g6 2. e4 Bg7 3. c4 d6 4. Nc3 c5 5. Nge2 Nc6 6. d5 Nd4 7. Be3 Nxe2 $1 {[%mdl 4] is currently scoring better than 7...Qb6.} 8. Bxe2 ({Don't play} 8. Nxe2 Bxb2 9. Rb1 Bg7 $15) 8... Bxc3+ {A42: Modern Defence: Averbakh Variation.} 9. bxc3 Nf6 {[#]} 10. f3 $146 ({Predecessor:} 10. Qc2 Qa5 11. O-O Nd7 12. f4 Nb6 13. a4 Bd7 14. Rfb1 O-O 15. Bd3 e6 16. dxe6 Bxe6 {½-½ (59) Heberla,B (2539)-Hennig,D (2396) Torres Vedras 2011}) 10... h5 {White is better.} 11. e5 ({White should play} 11. O-O $16) 11... Nd7 (11... dxe5 $11 {keeps the balance.} 12. Bxc5 O-O) 12. exd6 exd6 13. Qd2 Ne5 14. O-O Bf5 15. a4 f6 16. a5 Qd7 17. Bf4 Nf7 18. Bd1 {[#] Hoping for Ba4.} O-O-O 19. Ba4 Qc7 20. Rfe1 (20. a6 $11 b6 21. Bc2) 20... g5 $15 21. Be3 Ne5 22. a6 b6 $1 23. f4 gxf4 ({Reject} 23... Nxc4 24. Qf2 $11) 24. Bxf4 Rhg8 25. Bxe5 fxe5 26. Bc2 Bh3 27. Be4 Kb8 28. Rf1 Qg7 29. Kh1 $1 Bc8 30. Bf5 Bxf5 31. Rxf5 Qg4 32. Rf7 Qxc4 33. Qh6 (33. h3 $11 {remains equal.}) 33... Qxd5 $17 {[%csl Gg8][%cal Rd5g2][%mdl 64] [#] Double Attack} 34. Rb7+ Ka8 {[%csl Gg8][%cal Rd5g2]} 35. Rg1 {Strongly threatening Qh7.} Rdf8 (35... Qa2 $19 36. Qxh5 Rgf8) 36. h3 $1 $11 {aiming for Qh7.} Qd3 (36... Rf1 $5 37. Rg7 Rxg7 38. Qxg7 Qf7 39. Qh8+ Qf8 40. Qxh5 Kb8 $15) 37. Rd7 {The position is equal.} Rf1 {( -> ...Qxh3+!)} 38. Qg7 Rxg1+ 39. Kxg1 {[%cal Rg7g8] KQR-KQR} Qe3+ 40. Kh1 {[%cal Rg7g8]} Qc1+ 41. Kh2 {[%cal Rg7g8]} Qf4+ 42. Kh1 Qf1+ 43. Kh2 Qf4+ 44. Kh1 {Weighted Error Value: White=0.17/Black=0.16} 1/2-1/2

[Event "2nd Mix Bassano 2021"]
[Site "Bassano del Grappa"]
[Date "2021.03.26"]
[Round "5.4"]
[White "Bjerre, Jonas Buhl"]
[Black "Diermair, Andreas"]
[Result "1/2-1/2"]
[WhiteElo "2549"]
[BlackElo "2487"]
[Annotator "TA"]
[PlyCount "39"]
[EventDate "2021.03.24"]
[EventType "swiss"]
[EventCountry "ITA"]
[SourceTitle "playchess.com"]
[Source "ChessBase"]
[SourceQuality "1"]

{[%evp 15,26,7,9,20,24,24,19,12,25,13,16,29,27]} 1. d4 e6 2. c4 f5 3. g3 Nf6 4. Bg2 d5 5. Nf3 Bd6 6. O-O c6 7. Nbd2 Nbd7 8. Qc2 O-O 9. Ne1 {A90: Dutch Defence: Miscellaneous and Modern Stonewall (with ...Bd6).} b6 10. Nd3 Bb7 11. Nf3 Ne4 12. Bf4 Bxf4 13. Nxf4 Qe7 {[#] Not much happened in this game.  Weighted Error Value: White=0.04/Black=0.04} {Predecessor:} 14. Nd3 $146 c5 15. cxd5 exd5 16. dxc5 bxc5 17. e3 Rac8 18. Rfd1 Kh8 19. Nf4 Ndf6 20. Nh4 {1-0 (32) Vrolijk,L (2462)-Reinderman,D (2575) Amstelveen 2019} 1/2-1/2